| 000 | 02200nam a2200325 4500 | ||
|---|---|---|---|
| 001 | 200 | ||
| 003 | OSt | ||
| 005 | 20250528074014.0 | ||
| 008 | 250203b |||||||e |||| 00| 1 eng d | ||
| 020 | _a8599296078 | ||
| 040 | _bpor | ||
| 041 |
_heng _apor |
||
| 082 |
_a813 _bD537t |
||
| 100 | 1 |
_aDiamant, Anita, _d1951- _9368 |
|
| 240 | _aThe red tent | ||
| 245 |
_aA tenda vermelha / _cDiamant, Anita ; Tradução de Maria Luiza Newlands Silveira e Marcia Claudia Reynaldo Alves |
||
| 260 |
_aRio de Janeiro _bSextante _c2006 |
||
| 300 | _a297 p. | ||
| 520 | _aNa Bíblia, as mulheres ocupam um lugar à sombra, por isso ficamos privados de sua sensibilidade na descrição dos acontecimentos. Numa narrativa envolvente, Anita Diamant resgata esse olhar feminino e dá vida às personagens bíblicas, recriando o ambiente em que viveram, seu cotidiano, suas provações e suas paixões. Filha de Jacó e Lia, Dinah - cuja trajetória é apenas sugerida no Livro do Gênese - é a figura central desta trama, que começa com a história das quatro esposas de Jacó, a quem ela chama de "mães": Lia, Raquel, Zilpah e Bilah. O amor delas e o legado que lhe transmitem servem de apoio durante a fase de trabalho duro da juventude, no ofício de parteira e na vida nova em uma terra estrangeira. À medida que cresce, Dinah observa tudo o que se passa no deserto: as conquistas, a rivalidade entre os irmãos, a sensualidade intuída, a aspereza do relacionamento entre os homens, a complexidade dos sentimentos das mulheres, a construção de um povo descrita a partir da saga de um núcleo familiar. De espectadora, ela passa a protagonista, e são seus amores, medos, descobertas e perdas que vão sendo narrados no cenário mais amplo de um mundo bíblico de caravanas, pastores, agricultores, príncipes, escravos e artesãos. | ||
| 650 | 0 |
_aLiteratura Americana _984 |
|
| 650 | 0 |
_aReligião _9100 |
|
| 650 | 0 |
_aHistórico _953 |
|
| 650 | 0 |
_aEmponderamento _932 |
|
| 650 | 0 |
_aPolêmica _9117 |
|
| 655 | 0 |
_aRomance _923 |
|
| 655 | 0 |
_aFicção _922 |
|
| 700 |
_aMaria Luiza Newlands da Silveira _eTradutor _9180 |
||
| 700 |
_aMaria Claudia Reynaldo Alves _eTradutor _9369 |
||
| 942 |
_2ddc _n0 _cBK |
||
| 999 |
_c200 _d200 |
||